Moby Dick
Guardado en:
| Autor principal: | |
|---|---|
| Formato: | Libro |
| Lenguaje: | Undetermined |
| Publicado: |
New York
Regents
1953
|
| Materias: | |
| Etiquetas: |
Agregar Etiqueta
Sin Etiquetas, Sea el primero en etiquetar este registro!
|
| Thư viện lưu trữ: | Trung tâm Học liệu Trường Đại học Cần Thơ |
|---|
| LEADER | 00482nam a2200181Ia 4500 | ||
|---|---|---|---|
| 001 | CTU_10290 | ||
| 008 | 210402s9999 xx 000 0 und d | ||
| 082 | |a 813.3 | ||
| 082 | |b M531 | ||
| 100 | |a Melville's, Herman | ||
| 245 | 0 | |a Moby Dick | |
| 245 | 0 | |c Herman Melville's | |
| 260 | |a New York | ||
| 260 | |b Regents | ||
| 260 | |c 1953 | ||
| 650 | |a American fiction | ||
| 904 | |i Nguyễn Quang Điền,Qhieu sửa | ||
| 980 | |a Trung tâm Học liệu Trường Đại học Cần Thơ | ||